Tấn trò đời; T7 = La comédie humaine
Wedi'i Gadw mewn:
| Prif Awdur: | |
|---|---|
| Fformat: | Llyfr |
| Iaith: | Undetermined |
| Cyhoeddwyd: |
Hà Nội
Thế Giới
2000
|
| Pynciau: | |
| Tagiau: |
Ychwanegu Tag
Dim Tagiau, Byddwch y cyntaf i dagio'r cofnod hwn!
|
| Thư viện lưu trữ: | Trung tâm Học liệu Trường Đại học Cần Thơ |
|---|
| LEADER | 00577nam a2200181Ia 4500 | ||
|---|---|---|---|
| 001 | CTU_39827 | ||
| 008 | 210402s9999 xx 000 0 und d | ||
| 082 | |a 843.8 | ||
| 082 | |b B198/T7 | ||
| 100 | |a Honoré de Balzac | ||
| 245 | 0 | |a Tấn trò đời; T7 | |
| 245 | 0 | |b = La comédie humaine | |
| 245 | 0 | |c Honoré de Balzac, Lê Hồng Sâm ...[et al.] | |
| 260 | |a Hà Nội | ||
| 260 | |b Thế Giới | ||
| 260 | |c 2000 | ||
| 650 | |a french fiction ( vietnamese ),french literature - 19th century | ||
| 980 | |a Trung tâm Học liệu Trường Đại học Cần Thơ | ||